Countries With the Highest Unemployment Rate - Statistics

General Stats
  • This quiz has been taken 37 times
  • The average score is 5 of 16
Answer Stats
Continent Unemployment % Answer % Correct
Asia 50.0 Syria
69%
Oceania 23.0 Nauru
66%
Asia 23.9 Afghanistan
60%
South America 33.3 Venezuela
43%
Oceania 38.2 Kiribati
37%
Asia 35.0 Yemen
34%
Oceania 36.0 Marshall Islands
26%
North America 23.0 Dominica
20%
Africa 24.5 Mozambique
20%
North America 24.0 Grenada
17%
Europe 26.5 Kosovo
17%
Africa 28.1 Lesotho
17%
Africa 48.0 Senegal
17%
Africa 28.0 Gabon
11%
Africa 34.0 Namibia
9%
Africa 27.5 South Africa
9%
No matching quizzes found
Score Distribution
Percent of People with Each Score
Percentile by Number Answered
Your Score History
You have not taken this quiz